[Event "Niedersachsen-ch U12"]
[Site "Norderney"]
[Date "2014.04.15"]
[Round "7"]
[White "Cuel Gil, Carlos"]
[Black "Wolterink, Jule"]
[Result "0-1"]
[WhiteElo "825"]
[BlackElo "886"]
[PlyCount "43"]
[EventDate "2014.04.??"]
[EventType "swiss"]
[EventRounds "11"]
[EventCountry "GER"]
[SourceTitle "EXT 2017"]
[Source "ChessBase"]
[SourceDate "2016.10.25"]
[SourceVersion "1"]
[SourceVersionDate "2016.10.25"]
[SourceQuality "1"]

1. d4 e6 2. e4 d5 3. e5 c5 4. c3 Nc6 5. Nf3 Qb6 6. Bd3 Bd7 7. Bc2 f6 8. 0-0 cxd4 9. cxd4 Rc8 10. Nc3 Bb4 11. Bd2 Ba5 12. Na4 Qd8 13. Bxa5 Qxa5 14. Nc5 Qd8 15. exf6 Nxf6 16. Ne5 Nxe5 17. dxe5 Rxc5 18. exf6 Qxf6 19. b3 0-0 20. Qd3 g6 21. f3 Bb5 22. Qd2 0-1

[Event "Niedersachsen-ch U12"]
[Site "Norderney"]
[Date "2014.04.14"]
[Round "6"]
[White "Schuette, Morris"]
[Black "Cuel Gil, Carlos"]
[Result "1-0"]
[WhiteElo "1032"]
[BlackElo "825"]
[PlyCount "65"]
[EventDate "2014.04.??"]
[EventType "swiss"]
[EventRounds "11"]
[EventCountry "GER"]
[SourceTitle "EXT 2017"]
[Source "ChessBase"]
[SourceDate "2016.10.25"]
[SourceVersion "1"]
[SourceVersionDate "2016.10.25"]
[SourceQuality "1"]

1. e4 c5 2. Nf3 Nc6 3. Bc4 Nf6 4. 0-0 d6 5. d4 cxd4 6. Nxd4 g6 7. Nxc6 bxc6 8. Nc3 Bg7 9. Bg5 0-0 10. Qd2 Bb7 11. Rad1 c5 12. Bd5 Nxd5 13. exd5 Re8 14. Bh6 f6 15. Bxg7 Kxg7 16. Rfe1 Bc8 17. Re4 Bf5 18. Rc4 g5 19. Ne2 Bg6 20. Ng3 Qb6 21. b3 Qc7 22. Qe3 a5 23. Ne4 a4 24. bxa4 Qd7 25. Qh3 Qxh3 26. gxh3 Bxe4 27. Rxe4 Kf7 28. h4 h6 29. hxg5 hxg5 30. Rd3 Reb8 31. Rh3 Rb2 32. Rh7+ Kf8 33. Rh8+ 1-0

[Event "Niedersachsen-ch U12"]
[Site "Norderney"]
[Date "2014.04.12"]
[Round "1"]
[White "Cuel Gil, Carlos"]
[Black "Kittelberger, Mattis"]
[Result "0-1"]
[WhiteElo "825"]
[BlackElo "1564"]
[PlyCount "156"]
[EventDate "2014.04.??"]
[EventType "swiss"]
[EventRounds "11"]
[EventCountry "GER"]
[SourceTitle "EXT 2017"]
[Source "ChessBase"]
[SourceDate "2016.10.25"]
[SourceVersion "1"]
[SourceVersionDate "2016.10.25"]
[SourceQuality "1"]

1. d4 Nf6 2. c4 e6 3. Nf3 d5 4. Nc3 c6 5. e3 Qa5 6. Qc2 Bb4 7. Bd2 0-0 8. Bd3 Nbd7 9. c5 h6 10. 0-0 Re8 11. a3 Bxc3 12. Bxc3 Qc7 13. h3 b6 14. cxb6 Qxb6 15. b4 Ba6 16. Bxa6 Qxa6 17. Nd2 Nb6 18. Qb3 Rac8 19. Rfc1 Nbd7 20. Qa2 e5 21. dxe5 Nxe5 22. Bxe5 Rxe5 23. Nb3 Nd7 24. Nc5 Nxc5 25. Rxc5 Qb6 26. Qb2 Re6 27. Rac1 Qa6 28. b5 Qb6 29. Qb4 Re4 30. Qb2 Re6 31. Qb4 Re4 32. Qb2 Rb8 33. Rxc6 Qxb5 34. Rc8+ Re8 35. Rxe8+ Qxe8 36. Qd4 Qd7 37. e4 Rb6 38. Qxd5 Qxd5 39. exd5 Rd6 40. Rd1 Kf8 41. Kf1 Ke7 42. Ke2 Kf6 43. Ke3 Ke5 44. f4+ Kf5 45. g4+ Kf6 46. Ke4 Ke7 47. Ke5 f6+ 48. Ke4 Ra6 49. d6+ Kd7 50. Rd3 Ra5 51. f5 Ra4+ 52. Kf3 Ra5 53. Ke4 Re5+ 54. Kf3 Re1 55. Kf2 Rc1 56. Kf3 Rc6 57. Ke4 Rxd6 58. Rxd6+ Kxd6 59. Kd4 Ke7 60. Kd5 Kf7 61. Kd6 g6 62. fxg6+ Kxg6 63. Ke6 Kg5 64. a4 a5 65. Kf7 f5 66. gxf5 Kxf5 67. Kg7 Kg5 68. h4+ Kxh4 69. Kxh6 Kg4 70. Kg6 Kf4 71. Kf6 Ke4 72. Ke6 Kd4 73. Kd6 Kc4 74. Kc6 Kb4 75. Kb6 Kxa4 76. Kc5 Kb3 77. Kd4 a4 78. Kd3 a3 0-1